Otvorili vlastnú kanceláriu ODÚ-VPN sa predstavila pražským novinárom

Bibliographic Details
Main Author: Rajecký, Ivan (Author)
Format: Article
Language:Slovak
Subjects:

MARC

LEADER 00000nab a2200000 a 4500
001 vtls000441549
003 SK-MaSNL
005 20260303200901.0
008 120926c1992 xo 0 slo
015 |a SNBRB19rr/mm-uuuuu 
035 |a CL0441679 
040 |a SNKBUCL  |b slo  |c SNKBUCL  |e AACR2 
041 0 |a slo 
044 |a xo  |c SK 
080 |a 329.11/.12(437.6)ODÚ-VPN  |2 1981 
100 1 |a Rajecký, Ivan  |4 aut  |9 449761 
245 1 0 |a Otvorili vlastnú kanceláriu  |b ODÚ-VPN sa predstavila pražským novinárom  |c Ivan Rajecký 
610 2 7 |a Občianska demokratická únia - VPN (politická strana)  |2 snkbucl  |9 236135 
651 7 |a 3100  |2 snkbucl  |9 920766 
655 7 |a články z novín a časopisov  |2 snkbucl  |9 267496 
773 0 |t Verejnosť  |g Roč. 3, č. 29 (4. 2. 1992), s. 1 
850 |a Slovenská národná knižnica v Martine  |a MTA001 
852 |a SNK  |b KIS3GCP 
958 |a RK 
992 |a RBX 
999 |c 2170390  |d 2172320